Uniform convexity, hyperbolic geometry, and non-expansive mappings

Αποθηκεύτηκε σε:
Λεπτομέρειες βιβλιογραφικής εγγραφής
Κύριος συγγραφέας: Goebel, Kazimierz 1940-
Άλλοι συγγραφείς: Reich, Simeon
Μορφή: Βιβλίο
Γλώσσα:English
Δημοσίευση: New York : M. Dekker, c1984
Σειρά:Monographs and textbooks in pure and applied mathematics ; ; 83
Θέματα:
Ετικέτες: Προσθήκη ετικέτας
Δεν υπάρχουν, Καταχωρήστε ετικέτα πρώτοι!

MARC

LEADER 00000cam a2200000 i 4500
001 1/52411
008 941103s1984 eng d
020 |a 0824772237 
035 |l 10044418 
035 |a 1993  |c ΑΝΟΥΣΗΣ 
040 |a GR-MY-UA  |b gre  |e aacr 
041 0 |a eng 
082 0 |a 515.732  |2 (19) 
100 1 |a Goebel, Kazimierz  |d 1940- 
245 1 0 |a Uniform convexity, hyperbolic geometry, and non-expansive mappings /  |c Kazimierz Goebel, Simeon Reich 
260 |a New York :   |b M. Dekker,   |c c1984 
300 |a ix, 170 p.;  |c 23 cm 
490 1 |a Monographs and textbooks in pure and applied mathematics  |v ; 83 
504 |a Includes bibliographical references and index 
650 0 0 |a Banach spaces. 
650 0 0 |a Holomorphic mappings. 
650 0 0 |a Nonexpansive mappings. 
650 0 0 |a Geometry, Hyperbolic. 
700 1 |a Reich, Simeon. 
830 0 |a Monographs and textbooks in pure and applied mathematics ;  |v ; 83 
852 |a INST  |b SAMOS  |e 19941103  |h 515.732 GOE  |p 005300003130  |q 005300003130  |t BK  |y 0 
852 |a INST  |b SAMOS  |e 19941103  |h 515.732 GOE  |p 005300007842  |q 005300007842  |t BK  |y 0 
909 |a Σ  |b 028577 
909 |a Σ  |b 030278